| 000 | 01079nam a22002537a 4500 | ||
|---|---|---|---|
| 001 | BD-DhSAU 8515 | ||
| 003 | BD-DhSAU | ||
| 005 | 20181223124129.0 | ||
| 008 | 150612b2008 bg a|||| m||| 00| 0 eng d | ||
| 040 | _aBD-DhSAU | ||
| 082 |
_222 _a.. _b.. |
||
| 100 |
_aMostary, Mafruha _eRegistration # 03-01184 |
||
| 245 |
_aCharacterization and genetic deversity analysis in new plant type rice (indica / japonica) / _bMS thesis _cMafruha Mostary |
||
| 260 |
_aSher-e-Bangla Agricultural University : _bDepartment of Genetics & Plant Breeding , _c2008. |
||
| 300 |
_axii, 78 p. : _bill. ; _c29 cm. |
||
| 500 | _aMS thesis of Department of Genetics & Plant Breeding, Faculty of Agriculture, Sher-e-Bangla Agricultural University, Dhaka, Bangladesh | ||
| 504 | _aIncludes bibliographical reference. | ||
| 590 | _aJerin | ||
| 650 | _aGenetics & Plant Breeding | ||
| 700 |
_aHossain, Sarowar _eSuperviser |
||
| 700 |
_aBhuiyan, Shahidur Rashid _eCo-superviser |
||
| 856 | _uhttp://archive.saulibrary.edu.bd:8080/xmlui/handle/123456789/657 | ||
| 942 |
_2ddc _cTHESIS |
||
| 999 |
_c8515 _d8515 |
||